Profil zabijáka /
V detektivním thrilleru, ve kterém policie pátrá po zvráceném sadistickém vrahovi mladých žen, otevírá autorka aktuální téma možného zneužití moderních technologií k manipulaci jedince.
Uloženo v:
| Hlavní autor: | |
|---|---|
| Další autoři: | |
| Médium: | E-kniha |
| Jazyk: | Czech |
| Vydáno: |
Praha :
Kniha Zlin,
2025
|
| Vydání: | Vydání první |
| Témata: | |
| Tagy: |
Žádné tagy |
| LEADER | 02569nam a2200469 i 4500 | ||
|---|---|---|---|
| 001 | 312704 | ||
| 003 | CZ PrSKC | ||
| 005 | 20260601215727.0 | ||
| 007 | ta | ||
| 008 | 250430s2025 xr g 000 f cze | ||
| 015 | |a cnb003682875 | ||
| 020 | |a 9788076628427 |q (vázáno) | ||
| 035 | |a (OCoLC)1523000298 | ||
| 040 | |a ABG001 |b cze |e rda | ||
| 041 | 1 | |a cze |h eng | |
| 072 | 7 | |a 821.111 |x Anglická literatura, anglicky psaná |2 Konspekt | |
| 080 | |a 821.111-31 |2 MRF | ||
| 080 | |a (0:82-312.4) |2 MRF | ||
| 100 | 1 | |a Fields, Helen, |d 1969- |7 xx0224480 |4 aut | |
| 240 | 1 | 0 | |a Profile K. |l Česky |
| 245 | 1 | 0 | |a Profil zabijáka / |c Helen Fieldsová ; přeložila Nela Knapová |
| 250 | |a Vydání první | ||
| 264 | 1 | |a Praha : |b Kniha Zlin, |c 2025 | |
| 300 | |a 348 stran ; |c 21 cm | ||
| 336 | |a text |b txt |2 rdacontent | ||
| 337 | |a bez média |b n |2 rdamedia | ||
| 338 | |a svazek |b nc |2 rdacarrier | ||
| 500 | |a Přeloženo z angličtiny | ||
| 520 | 2 | |a V detektivním thrilleru, ve kterém policie pátrá po zvráceném sadistickém vrahovi mladých žen, otevírá autorka aktuální téma možného zneužití moderních technologií k manipulaci jedince. |b Midnight Jonesová má nevšední jméno i zaměstnání - pracuje pro korporaci vyvíjející nejmodernější biotechnologie a s pomocí AI vyhodnocuje profily uchazečů o studium na vysoké škole. K zásadnímu zvratu dojde, když narazí na profil Z, jehož iniciála značí „zabijáka“. Ví, čeho je schopný, ještě než dotyčný zabije, ale nikdo ji nebere vážně. Potom v Londýně začnou umírat mladé ženy a Midnight si uvědomí, že ve chvíli, kdy otevřela jeho složku, ze sebe udělala cíl. Nakladatelská anotace. Kráceno. | |
| 655 | 7 | |a anglické romány |7 fd131814 |2 czenas | |
| 655 | 7 | |a detektivní romány |7 fd132010 |2 czenas | |
| 655 | 7 | |a thrillery (romány) |7 fd184206 |2 czenas | |
| 655 | 9 | |a English fiction |2 eczenas | |
| 655 | 9 | |a detective novels |2 eczenas | |
| 655 | 9 | |a thrillers (novels) |2 eczenas | |
| 700 | 1 | |a Knapová, Nela |7 ola2015884249 |4 trl | |
| 900 | |a ABA001 |b 20 | ||
| 928 | 9 | |a Albatros Media - Kniha Zlin | |
| 044 | |a xr | ||
| 910 | |a RBIT002 | ||
| 998 | |d 420050 |a https://core.palmknihy.cz/api/books/420050/cover?sv7d4o |b https://core.palmknihy.cz/api/books/420050/cover/400?sv7d4o |c https://core.palmknihy.cz/api/books/420050/cover/50?sv7d4o |e 2029-05-30 |g 352 |i 9788076628427 |j https://core.palmknihy.cz/api/books/420050/preview.epub |k https://core.palmknihy.cz/api/books/420050/preview.pdf |l |q 49 |r 1 |s https://www.palmknihy.cz/kniha/420050 |t ebook |y 2025 |z 0 | ||
| 999 | |d 312702 | ||